Представление документа в формате RUSMARC

ПолеНазваниеЗначение
  Тип записи c
  Библиографический уровень m
001 Контрольный номер RU/УОНБ/EK_N/322864218
005 Дата корректировки 20240130235147.5
010 Индекс ISBN __
9 Тираж 500 экз.
013 Номер (ISMN) __
d Цена 60 р. 61 к.
071 Издательские номер (звукозапись и ноты) 21
a Номер, присвоенный агентством 3087
100 Данные общей обработки __
a Данные общей обработки 20130503d2002 |||y0rusy0103||||ba
101 Язык документа 0_
a Язык текста rus
a Язык текста eng
c Язык оригинала rus
f Язык титульного листа rus
f Язык титульного листа eng
102 Страна публикации __
a Страна публикации RU
125 Кодированные данные звукозаписи и нотных изданий __
a Форма изложения нотного текста z|
128 Кодированные данные (звукозаписи-физические характеристики) __
a Кодированные данные: Музыкальная форма и тональность или лад zz
c Инструменты или голоса, рекомендуемые для солистов (устаревшее) tb||
200 Заглавие и сведения об ответственности 1_
a Заглавие Альбом гитариста
b Общее обозначение материала [Ноты]
d Параллельное заглавие Album of guitarist
e Сведения, относящиеся к заглавию для шестиструн. гитары
f Первые сведения об ответственности ред.-сост. и авт. предисл. В. И. Ильин
210 Выходные данные 1_
a Место издания СПб.
c Издательство Композитор
d Дата издания 2002
215 Физическое описание __
a Объем 28 с.
d Формат 29 см
225 Серия 1_
a Серия Репертуар музыкальных училищ и консерваторий
327 Примечание о содержании 11
a Примечание о содержании Содерж. : Фомин Б. Только раз : cтаринный романс. - Таррега Ф. Воспоминание об Альгамбре. - Сальвадор : испанский танец. - Барриос А. Последнее тремоло.
464 Аналитический уровень _0
1 2001
a Только раз
e cтаринный романс
1 700 1
a Фомин
b Б.
4 230
464 Аналитический уровень _0
1 2001
a Воспоминание об Альгамбре
1 700 1
a Таррега
b Ф.
4 230
464 Аналитический уровень _0
1 2001
a Сальвадор
e испанский танец
464 Аналитический уровень _0
1 2001
a Последнее тремоло
1 700 1
a Барриос
b А.
4 230
512 Заглавие обложки 1_
a Заглавие обложки Альбом гитариста
606 Тематические рубрики 0_
a Основная рубрика Гитара шестиструнная
610 Ключевые слова 0_
a Ключевые слова гитара шестиструнная
686 Индексы других классификаций __
a Классификационный индекс 85.956.41я43
2 Код системы rubbk
702 Вторичная интеллектуальная ответственность _1
a Фамилия Ильин
b Имя (инициалы) В. И.
g Полное личное имя Виктор Иванович
4 Код отношения 220
4 Код отношения 340
801 Источник записи _0
a Страна RU
b Организация Ульяновская государственная областная научная библиотека им.В.И.Ленина
c Дата составления 20130503
g Правила каталогизации PSBO
801 Источник записи _1
a Страна RU
b Организация Ульяновская государственная областная научная библиотека им.В.И.Ленина
c Дата составления 20130503
901 Тип документа __
t Тип документа m
909 Создатель записи __
a Создатель записи Лобина Л. И.
938 Служебная информация __
a Имя БД noti
b Имя библиотеки УОНБ
c Имя АИБС МАРК-SQL
d Номер DOC_ID в БД 5940